| 000 | 00756cam a2200253 a 4500 | ||
|---|---|---|---|
| 008 | |||
| 020 | _a0072965479 (pbk.) | ||
| 049 | _aMAIN | ||
| 090 |
_aJK276 _bLOS |
||
| 100 | 1 | _aLosco, Joseph. | |
| 245 | 1 | 0 |
_aAm gov / _cJoseph Losco and Ralph Baker. |
| 250 | _a1st ed. | ||
| 260 |
_aNew York : _bMcGraw-Hill Higher Education, _c c2008. |
||
| 300 |
_axiv, 376 [23] p. : _bcol. ill. ; _c28 cm. |
||
| 504 | _aIncludes bibliographical references. | ||
| 500 | _aIncludes index. | ||
| 651 | 0 |
_aUnited States _xPolitics and government _vTextbooks. |
|
| 700 | 1 | _aBaker, Ralph. | |
| 907 |
_a.b10309548 _b18-09-12 _c28-02-12 |
||
| 003 | |||
| 005 | 20230123125414.0 | ||
| 040 | _cNUST | ||
| 942 |
_cBOOKS _kJK276 _mLOS |
||
| 999 |
_c140953 _d140953 |
||